01155cam a22003017a 45000010005000000030006000050050017000110080041000280100017000690200025000860200022001110400018001330500024001510820013001751000018001882450077002062600040002833000051003235050008003745200263003825210027006455210019006726500023006916510014007147000037007287300036007657300052008012009FISKH20250327105507.0100831s2010 nyuab j 000 1 eng  a 2010282329 a9781416960850 (pbk.) a1416960856 (pbk.) aDLCcDLCbeng00aMLCS 2011/44422 (P) a940.54211 aJames, Brian.10aBattle of the North /cby Brian James ; illustrated by Shane L. Johnson. aNew York :bSimon Spotlight,c2010. a64 pages :bcolor illustrations ; map ;c20 cm aP  aCitizens of all nations can learn about the infamous battle at the Northern Water Tribe and the struggle leading up to it, in this book chronicling the Water and Fire Nations' major fighters, armies, vehicles, weaponry, bending skills, and battle strategies.8 a650 bLexile Adjusted 8 aP bRaz-Plus  aBattle vFictions  aThe North1 aJohnson, Shane L.eillustrations0 aLast airbender (Motion picture)0 aAvatar, the last airbender (Television program)